Catálogo
 En Linea

Escuela militar del libertador general Bernardo O´Higgins. (Registro nro. 39274)

Detalles MARC
000 -CABECERA
campo de control de longitud fija 00358nam a2200109 a 4500
001 - NÚMERO DE CONTROL
campo de control 000039784
005 - FECHA Y HORA DE LA ÚLTIMA TRANSACCIÓN
campo de control 20201002033730.0
008 - DATOS DE LONGITUD FIJA--INFORMACIÓN GENERAL
campo de control de longitud fija 130719s2004 cl a 000 0 spa d
040 ## - FUENTE DE LA CATALOGACIÓN
Centro catalogador/agencia de origen DO-SdBNP
245 #0 - MENCIÓN DE TÍTULO
Título Escuela militar del libertador general Bernardo O´Higgins.
260 ## - PUBLICACIÓN, DISTRIBUCIÓN, ETC.
Lugar de publicación, distribución, etc. Santiago de Chile-- Dirección de Bibliotecas, archivos y Museos,
Fecha de publicación, distribución, etc. s. f.-- 152 p.
Existencias
Estado de retiro Estado de pérdida Restricciones de uso No para préstamo Código de colección Localización permanente Ubicación/localización actual Ubicación en estantería Fecha de adquisición Número de inventario Total de préstamos Signatura topográfica completa Código de barras Fecha visto por última vez Precio válido a partir de Tipo de ítem Koha
        Monografías: Libros y Folletos General General Orden iniciada 19.07.2013 LF1   39784-10 25.06.2020 25.06.2020 No se presta

Con tecnología Koha